[Event "CP-2011-P-00065"]
[Site "LSS email"]
[Date "2011.09.30"]
[Round "?"]
[White "Storkan, Zdenek"]
[Black "Komissarov, Yaroslav"]
[Result "0-1"]
[WhiteElo "2130"]
[BlackElo "1859"]
[PlyCount "30"]
[EventDate "2011.10.01"]
[EventType "tourn (corr)"]
[EventRounds "6"]
[EventCountry "GER"]
[SourceTitle "Corr 2015"]
[Source "ChessBase"]
[SourceDate "2015.07.17"]
[SourceVersion "1"]
[SourceVersionDate "2015.07.17"]
[SourceQuality "1"]

1. e4 e6 2. d4 d5 3. Nc3 Nf6 4. e5 Nfd7 5. f4 c5 6. Nf3 Nc6 7. Be3 cxd4 8. Nxd4 Bc5 9. Qd2 0-0 10. 0-0-0 Bxd4 11. Bxd4 a6 12. Kb1 b5 13. Bf2 b4 14. Na4 a5 15. Bb5 Qc7 0-1

[Event "CP-2011-P-00065"]
[Site "LSS email"]
[Date "2011.09.30"]
[Round "?"]
[White "Storkan, Zdenek"]
[Black "Segovia, Didier"]
[Result "0-1"]
[WhiteElo "2130"]
[BlackElo "554"]
[PlyCount "24"]
[EventDate "2011.10.01"]
[EventType "tourn (corr)"]
[EventRounds "6"]
[EventCountry "GER"]
[SourceTitle "Corr 2015"]
[Source "ChessBase"]
[SourceDate "2015.07.17"]
[SourceVersion "1"]
[SourceVersionDate "2015.07.17"]
[SourceQuality "1"]

1. e4 e5 2. Nf3 d6 3. Bc4 Bg4 4. Nc3 Nf6 5. d3 Nc6 6. h3 Bxf3 7. Qxf3 Nd4 8. Qd1 a6 9. 0-0 Be7 10. Ne2 b5 11. Bb3 a5 12. Nxd4 exd4 0-1

[Event "RA-2011-0-00150"]
[Site "LSS email"]
[Date "2011.09.08"]
[Round "?"]
[White "Egorov, Vladimir Alekseevic"]
[Black "Storkan, Zdenek"]
[Result "1-0"]
[WhiteElo "1967"]
[BlackElo "2130"]
[PlyCount "73"]
[EventDate "2011.08.14"]
[EventType "tourn (corr)"]
[EventRounds "6"]
[EventCountry "GER"]
[SourceTitle "Telechess CBM 149"]
[Source "ChessBase"]
[SourceDate "2012.07.17"]
[SourceVersion "1"]
[SourceVersionDate "2012.07.17"]
[SourceQuality "1"]

1. d4 Nf6 2. c4 g6 3. Nc3 Bg7 4. e4 d6 5. f3 0-0 6. Be3 c6 7. Qd2 a6 8. Bd3 b5 9. Nge2 Nbd7 10. 0-0 e5 11. b4 Bb7 12. cxb5 axb5 13. Rfd1 Qb8 14. Rac1 Re8 15. Kh1 Bf8 16. Rb1 Be7 17. Bf2 Rd8 18. Qc1 Rc8 19. Bc2 d5 20. exd5 cxd5 21. dxe5 Nxe5 22. Bb3 Ra6 23. Bg3 Nh5 24. Bxd5 Nxg3+ 25. Nxg3 Bxd5 26. Rxd5 Rac6 27. Nge2 Bf6 28. Qf4 Nxf3 29. Qxb8 Rxb8 30. Rxb5 Re8 31. gxf3 Bxc3 32. Nxc3 Rxc3 33. Rb2 Rxf3 34. Rc5 Rf1+ 35. Kg2 Ree1 36. a4 Rg1+ 37. Kf3 1-0

[Event "RA-2011-0-00150"]
[Site "LSS email"]
[Date "2011.09.08"]
[Round "?"]
[White "Grube, Frank"]
[Black "Storkan, Zdenek"]
[Result "1/2-1/2"]
[WhiteElo "2044"]
[BlackElo "2230"]
[PlyCount "35"]
[EventDate "2011.08.14"]
[EventType "tourn (corr)"]
[EventRounds "6"]
[EventCountry "GER"]
[SourceTitle "Corr 2022"]
[Source "ChessBase"]
[SourceDate "2021.10.24"]
[SourceVersion "1"]
[SourceVersionDate "2021.10.24"]
[SourceQuality "1"]

1. d4 Nf6 2. Nf3 g6 3. c4 Bg7 4. Nc3 d5 5. Qb3 dxc4 6. Qxc4 0-0 7. e4 Na6 8. Be2 c5 9. d5 e6 10. 0-0 exd5 11. exd5 Bf5 12. Be3 Qb6 13. b3 Rfe8 14. Rad1 Rad8 15. Na4 Qd6 16. Nxc5 Nxc5 17. Bxc5 Qd7 18. Bd4 1/2-1/2

[Event "RA-2011-0-00150"]
[Site "LSS email"]
[Date "2011.09.08"]
[Round "?"]
[White "Storkan, Zdenek"]
[Black "Tylecek, Drahomir"]
[Result "0-1"]
[WhiteElo "2130"]
[BlackElo "2080"]
[PlyCount "46"]
[EventDate "2011.08.14"]
[EventType "tourn (corr)"]
[EventRounds "6"]
[EventCountry "GER"]
[SourceTitle "Telechess CBM 149"]
[Source "ChessBase"]
[SourceDate "2012.07.17"]
[SourceVersion "1"]
[SourceVersionDate "2012.07.17"]
[SourceQuality "1"]

1. e4 e5 2. Nf3 Nc6 3. Bb5 f5 4. Nc3 Nf6 5. exf5 Nd4 6. Nxe5 Bc5 7. 0-0 0-0 8. Nf3 Nxb5 9. Nxb5 d5 10. Nbd4 Qd6 11. d3 Bxd4 12. Nxd4 c5 13. Ne6 Bxe6 14. fxe6 Rae8 15. Re1 Rxe6 16. Rxe6 Qxe6 17. Bd2 d4 18. h3 b6 19. Qe1 Qd7 20. a4 a5 21. b3 Kf7 22. Qf1 Re8 23. Re1 Re6 0-1

[Event "RA-2011-0-00150"]
[Site "LSS email"]
[Date "2011.09.08"]
[Round "?"]
[White "Szabo, Mihaly"]
[Black "Storkan, Zdenek"]
[Result "1-0"]
[WhiteElo "2215"]
[BlackElo "2130"]
[PlyCount "81"]
[EventDate "2011.08.14"]
[EventType "tourn (corr)"]
[EventRounds "6"]
[EventCountry "GER"]
[SourceTitle "Telechess CBM 149"]
[Source "ChessBase"]
[SourceDate "2012.07.17"]
[SourceVersion "1"]
[SourceVersionDate "2012.07.17"]
[SourceQuality "1"]

1. e4 c6 2. d4 d5 3. Nd2 dxe4 4. Nxe4 Bf5 5. Ng3 Bg6 6. Nf3 Nd7 7. Bd3 e6 8. 0-0 Ngf6 9. Bxg6 hxg6 10. Bf4 Qb6 11. Qe2 c5 12. Rad1 cxd4 13. Nxd4 Be7 14. c4 Rh4 15. Be3 Ng4 16. Nf3 Nxe3 17. fxe3 Rh8 18. a3 a5 19. Ne4 Nf6 20. Neg5 a4 21. g3 Ng4 22. Rd3 f6 23. Ne4 e5 24. c5 Qc6 25. Qc2 Rd8 26. Rc3 f5 27. Nd6+ Bxd6 28. cxd6 Qxd6 29. Qxa4+ Qd7 30. Qb3 Qd5 31. Qb6 Rd6 32. Qb4 e4 33. Nd4 Rxh2 34. Rc5 Rg2+ 35. Kxg2 Nxe3+ 36. Kf2 Ng4+ 37. Ke2 Qxd4 38. Qxd4 Rxd4 39. Rc7 Rd7 40. Rxd7 Kxd7 41. a4 1-0

[Event "BI-2011-P-00017"]
[Site "LSS email"]
[Date "2011.04.17"]
[Round "?"]
[White "Rossini, Carla"]
[Black "Storkan, Zdenek"]
[Result "0-1"]
[WhiteElo "1154"]
[BlackElo "2130"]
[PlyCount "62"]
[EventDate "2011.04.20"]
[EventType "tourn (corr)"]
[EventRounds "10"]
[EventCountry "GER"]
[SourceTitle "Telechess CBM 151"]
[Source "ChessBase"]
[SourceDate "2012.11.13"]
[SourceVersion "1"]
[SourceVersionDate "2012.11.13"]
[SourceQuality "1"]

1. e4 c5 2. Nf3 d6 3. d4 cxd4 4. Nxd4 Nf6 5. Nc3 a6 6. Be3 e5 7. Nf3 Be7 8. Bd3 Be6 9. 0-0 0-0 10. Re1 Nc6 11. Qd2 Nb4 12. a3 Nxd3 13. cxd3 Rc8 14. Rad1 d5 15. exd5 Nxd5 16. Nxe5 Nxc3 17. bxc3 Bxa3 18. d4 f6 19. Nf3 Qd5 20. Qd3 Bb2 21. Re2 Bf5 22. Qb1 Bxb1 23. Rxb1 Bxc3 24. Rc2 b5 25. Rbc1 b4 26. h3 a5 27. Nd2 a4 28. Nb1 Qb3 29. Nxc3 Rxc3 30. Rxc3 bxc3 31. Bf4 a3 0-1

[Event "BI-2011-P-00017"]
[Site "LSS email"]
[Date "2011.04.17"]
[Round "?"]
[White "Storkan, Zdenek"]
[Black "Dard, Michel"]
[Result "1/2-1/2"]
[WhiteElo "2130"]
[BlackElo "2193"]
[PlyCount "83"]
[EventDate "2011.04.20"]
[EventType "tourn (corr)"]
[EventRounds "10"]
[EventCountry "GER"]
[SourceTitle "Telechess CBM 151"]
[Source "ChessBase"]
[SourceDate "2012.11.13"]
[SourceVersion "1"]
[SourceVersionDate "2012.11.13"]
[SourceQuality "1"]

1. d4 d5 2. Nf3 Nf6 3. c4 c6 4. Nc3 dxc4 5. a4 Bf5 6. Ne5 Nbd7 7. Nxc4 Nb6 8. Ne5 a5 9. f3 Nfd7 10. e4 Nxe5 11. exf5 Ned7 12. d5 cxd5 13. Bb5 e6 14. Qe2 Bb4 15. fxe6 fxe6 16. Qxe6+ Qe7 17. Qxe7+ Kxe7 18. 0-0 Rac8 19. Be3 Bxc3 20. bxc3 Nc5 21. Rfb1 Kf7 22. Bf1 Nbd7 23. c4 d4 24. Bxd4 Rc6 25. Kf2 Re8 26. Be3 Rce6 27. Ra3 Rd6 28. Re1 Rb6 29. g3 Rb4 30. Bd2 Rxe1 31. Bxe1 Rb2+ 32. Be2 b6 33. h4 g6 34. Bc3 Rb1 35. Kg2 Rc1 36. Bd4 Rb1 37. f4 Rb4 38. g4 Ne6 39. Be3 Ndc5 40. Kf3 Rxa4 41. Rxa4 Nxa4 42. f5 1/2-1/2

[Event "BI-2011-P-00017"]
[Site "LSS email"]
[Date "2011.04.17"]
[Round "?"]
[White "Storkan, Zdenek"]
[Black "Frijling, Jeroen"]
[Result "1/2-1/2"]
[WhiteElo "2130"]
[BlackElo "2105"]
[PlyCount "65"]
[EventDate "2011.04.20"]
[EventType "tourn (corr)"]
[EventRounds "10"]
[EventCountry "GER"]
[SourceTitle "Telechess CBM 151"]
[Source "ChessBase"]
[SourceDate "2012.11.13"]
[SourceVersion "1"]
[SourceVersionDate "2012.11.13"]
[SourceQuality "1"]

1. d4 Nf6 2. c4 c6 3. Nc3 d5 4. Nf3 dxc4 5. a4 Bf5 6. e3 e6 7. Bxc4 Bb4 8. 0-0 Nbd7 9. Nh4 0-0 10. f3 Bg6 11. e4 e5 12. Nxg6 hxg6 13. Be3 Qe7 14. Ne2 Nb6 15. Bb3 exd4 16. Nxd4 Nbd5 17. Bf2 Nf4 18. Qc2 Rad8 19. Rfd1 c5 20. Ne2 N6h5 21. Be3 Qg5 22. Nxf4 Nxf4 23. Kh1 Qf6 24. Bc4 b6 25. Rxd8 Rxd8 26. Rd1 Ne6 27. Rxd8+ Qxd8 28. Qd3 Qxd3 29. Bxd3 Kf8 30. Kg1 Ke7 31. Kf2 f6 32. h4 Kd6 33. Bc4 1/2-1/2